<?xml version='1.0' encoding='UTF-8'?>
  <record xmlns="http://www.loc.gov/MARC21/slim">
    <leader>00000cam a2200000 i 4500</leader>
    <controlfield tag="001">ocm29155250</controlfield>
    <controlfield tag="003">OCoLC</controlfield>
    <controlfield tag="005">20250626102544.4</controlfield>
    <controlfield tag="008">860520s1857    fr            000 0 fre  </controlfield>
    <datafield tag="040" ind1=" " ind2=" ">
      <subfield code="a">NLM</subfield>
      <subfield code="b">eng</subfield>
      <subfield code="e">rda</subfield>
      <subfield code="c">NLM</subfield>
      <subfield code="d">OCLCF</subfield>
      <subfield code="d">UKMGB</subfield>
      <subfield code="d">EUW</subfield>
      <subfield code="d">UMM</subfield>
      <subfield code="d">OCLCO</subfield>
      <subfield code="d">NLM</subfield>
      <subfield code="d">OCLCO</subfield>
      <subfield code="d">ESU</subfield>
      <subfield code="d">OCLCQ</subfield>
      <subfield code="d">OCLCO</subfield>
      <subfield code="d">OCLCL</subfield>
    </datafield>
    <datafield tag="016" ind1="7" ind2=" ">
      <subfield code="a">101588932</subfield>
      <subfield code="2">DNLM</subfield>
    </datafield>
    <datafield tag="016" ind1="7" ind2=" ">
      <subfield code="a">000162359</subfield>
      <subfield code="2">Uk</subfield>
    </datafield>
    <datafield tag="016" ind1="7" ind2=" ">
      <subfield code="a">016796557</subfield>
      <subfield code="2">Uk</subfield>
    </datafield>
    <datafield tag="029" ind1="0" ind2=" ">
      <subfield code="a">NLM</subfield>
      <subfield code="b">101588932</subfield>
    </datafield>
    <datafield tag="029" ind1="1" ind2=" ">
      <subfield code="a">NLGGC</subfield>
      <subfield code="b">061684635</subfield>
    </datafield>
    <datafield tag="029" ind1="1" ind2=" ">
      <subfield code="a">UKMGB</subfield>
      <subfield code="b">000162359</subfield>
    </datafield>
    <datafield tag="029" ind1="1" ind2=" ">
      <subfield code="a">ZWZ</subfield>
      <subfield code="b">017739403</subfield>
    </datafield>
    <datafield tag="035" ind1=" " ind2=" ">
      <subfield code="a">(OCoLC)29155250</subfield>
    </datafield>
    <datafield tag="060" ind1="0" ind2="0">
      <subfield code="a">WC</subfield>
      <subfield code="b">B119c 1857</subfield>
    </datafield>
    <datafield tag="060" ind1="0" ind2="0">
      <subfield code="a">W6</subfield>
      <subfield code="b">P3 v.793 no.21</subfield>
    </datafield>
    <datafield tag="082" ind1="0" ind2="4">
      <subfield code="a">636.089</subfield>
      <subfield code="q">OCoLC</subfield>
      <subfield code="2">22/eng/20230216</subfield>
      <subfield code="1">https://id.oclc.org/worldcat/ddc/E3cBcVYDHQMvGJP8hBYjgDxx7j</subfield>
    </datafield>
    <datafield tag="100" ind1="1" ind2=" ">
      <subfield code="a">Bachelet, F. J.</subfield>
      <subfield code="q">(François Joseph),</subfield>
      <subfield code="d">1815-1906,</subfield>
      <subfield code="e">author.</subfield>
      <subfield code="1">https://id.oclc.org/worldcat/entity/E39PCjMxyrCJjXqqYfbhQdXdry</subfield>
    </datafield>
    <datafield tag="245" ind1="1" ind2="0">
      <subfield code="a">Cause de la rage et moyen d'en preserver l'humanite /</subfield>
      <subfield code="c">par MM. les Docteurs F.J. Bachelet ... C. Froussart.</subfield>
    </datafield>
    <datafield tag="264" ind1=" " ind2="1">
      <subfield code="a">Valenciennes :</subfield>
      <subfield code="b">Imprimerie de E. Prignet,</subfield>
      <subfield code="c">1857.</subfield>
    </datafield>
    <datafield tag="300" ind1=" " ind2=" ">
      <subfield code="a">156 pages, 1 unnumbered leaf ;</subfield>
      <subfield code="c">21 cm</subfield>
    </datafield>
    <datafield tag="336" ind1=" " ind2=" ">
      <subfield code="a">text</subfield>
      <subfield code="b">txt</subfield>
      <subfield code="2">rdacontent</subfield>
    </datafield>
    <datafield tag="337" ind1=" " ind2=" ">
      <subfield code="a">unmediated</subfield>
      <subfield code="b">n</subfield>
      <subfield code="2">rdamedia</subfield>
    </datafield>
    <datafield tag="338" ind1=" " ind2=" ">
      <subfield code="a">volume</subfield>
      <subfield code="b">nc</subfield>
      <subfield code="2">rdacarrier</subfield>
    </datafield>
    <datafield tag="340" ind1=" " ind2=" ">
      <subfield code="m">8vo.</subfield>
      <subfield code="2">rdabf</subfield>
    </datafield>
    <datafield tag="501" ind1=" " ind2=" ">
      <subfield code="a">NLM Copy 2, bound 21st in a volume of 21 pamphlets.</subfield>
      <subfield code="5">DNLM</subfield>
    </datafield>
    <datafield tag="540" ind1=" " ind2=" ">
      <subfield code="a">The National Library of Medicine believes this item to be in the public domain.</subfield>
      <subfield code="u">https://creativecommons.org/publicdomain/mark/1.0/</subfield>
      <subfield code="5">DNLM</subfield>
    </datafield>
    <datafield tag="561" ind1=" " ind2=" ">
      <subfield code="a">NLM Copy 1, bookplate of the Library of the Navy Department, Section of Bureau of Medicine and Surgery.</subfield>
      <subfield code="5">DNLM</subfield>
    </datafield>
    <datafield tag="563" ind1=" " ind2=" ">
      <subfield code="a">NLM Copy 2, binding stamped Claude Bernard.</subfield>
      <subfield code="5">DNLM</subfield>
    </datafield>
    <datafield tag="583" ind1=" " ind2=" ">
      <subfield code="3">Copy 2</subfield>
      <subfield code="a">Will digitize</subfield>
      <subfield code="c">20190702</subfield>
      <subfield code="2">pda</subfield>
      <subfield code="5">DNLM</subfield>
    </datafield>
    <datafield tag="583" ind1=" " ind2=" ">
      <subfield code="3">Copy 2</subfield>
      <subfield code="a">Condition reviewed</subfield>
      <subfield code="c">20190702</subfield>
      <subfield code="l">conservation not necessary</subfield>
      <subfield code="2">pda</subfield>
      <subfield code="5">DNLM</subfield>
    </datafield>
    <datafield tag="650" ind1=" " ind2="0">
      <subfield code="a">Rabies.</subfield>
    </datafield>
    <datafield tag="650" ind1="1" ind2="2">
      <subfield code="a">Rabies</subfield>
    </datafield>
    <datafield tag="650" ind1=" " ind2="6">
      <subfield code="a">Rage.</subfield>
    </datafield>
    <datafield tag="650" ind1=" " ind2="7">
      <subfield code="a">Rabies</subfield>
      <subfield code="2">fast</subfield>
    </datafield>
    <datafield tag="700" ind1="1" ind2=" ">
      <subfield code="a">Bernard, Claude,</subfield>
      <subfield code="d">1813-1878,</subfield>
      <subfield code="e">former owner.</subfield>
      <subfield code="5">DNLM</subfield>
    </datafield>
    <datafield tag="710" ind1="1" ind2=" ">
      <subfield code="a">United States.</subfield>
      <subfield code="b">Navy Department.</subfield>
      <subfield code="b">Bureau of Medicine and Surgery,</subfield>
      <subfield code="e">former owner.</subfield>
      <subfield code="5">DNLM</subfield>
    </datafield>
    <datafield tag="758" ind1=" " ind2=" ">
      <subfield code="i">has work:</subfield>
      <subfield code="a">Cause de la rage et moyen d'en preserver l'humanite (Text)</subfield>
      <subfield code="1">https://id.oclc.org/worldcat/entity/E39PCFP3CpQ7RqdVF3cJTDG6qP</subfield>
      <subfield code="4">https://id.oclc.org/worldcat/ontology/hasWork</subfield>
    </datafield>
    <datafield tag="856" ind1="4" ind2="1">
      <subfield code="u">http://books.google.com/books?vid=BL:A0018199666</subfield>
    </datafield>
    <datafield tag="856" ind1="4" ind2=" ">
      <subfield code="u">http://resource.nlm.nih.gov/101588932</subfield>
    </datafield>
  </record>